000 00687nam a2200289Ia 4500
005 20260324133347.0
008 008 260324s9999 xx 000 0 eng d
020 _a9780429231155
037 _aEBOOK
040 _aCRL
040 _beng
040 _cCRL
041 _2eng
041 _aeng
084 _qCRL
100 _aJames C.W. Ahiakpor
_91192802
245 0 _aClassical Macroeconomics
245 0 _bSome Modern Variations and Distortions
260 _bTaylor and Francis
260 _c2003
365 _a
365 _b290
856 _uhttp://www.taylorfrancis.com/books/9780429231155
942 _cEBOOK
999 _c1791753
_d1791753